| 000 | 00850 a2200217 4500 | ||
|---|---|---|---|
| 003 | NUST | ||
| 005 | 20221216174143.0 | ||
| 010 | _a 82010410 | ||
| 020 | _a0312578946 | ||
| 040 | _cNust | ||
| 082 | 0 | 0 | _a337,JON |
| 100 | 1 |
_aJones, Charles A., _9105129 |
|
| 245 | 1 | 4 |
_aThe north-south dialogue : _ba brief history / _cCharles A. Jones. |
| 260 |
_aNew York : _bSt. Martin's Press, _c1983. |
||
| 300 |
_axi, 153 p. ; _c24 cm. |
||
| 490 | 1 | _aStudies in international political economy | |
| 505 | _aThe Third World Adopt A Collective Strategy (Page-1), The Institutions (Page-23), The Dialogue Transformed (Page-45), The Dialogue Stalled (Page-81), Into A New Decade (Page-115). | ||
| 650 | 0 |
_aInternational economic relations. _9539 |
|
| 830 | 0 |
_aStudies in international political economy (St. Martin's Press) _9105130 |
|
| 942 |
_2ddc _cBK _k337,JON |
||
| 999 |
_c184530 _d184530 |
||